书目信息 |
| 题名: |
邓小平与20世纪政治人物
|
|
| 作者: | 陈继安 , 刘金田 著 | |
| 分册: | ||
| 出版信息: | 北京 红旗出版社 2016.01 |
|
| 页数: | 394页 | |
| 开本: | 24cm | |
| 丛书名: | 解读中国书系 | |
| 单 册: | ||
| 中图分类: | A762 , K817=5 | |
| 科图分类: | ||
| 主题词: | 政治人物--生平事迹--世界--现代 | |
| 电子资源: | ||
| ISBN: | 978-7-5051-3481-2 | |
| 000 | 01064oam2 2200301 450 | |
| 001 | 0120151685583 | |
| 005 | 20160614143708.20 | |
| 010 | @a978-7-5051-3481-2@dCNY40.00 | |
| 100 | @a20151026d2016 em y0chiy50 ea | |
| 101 | 0 | @achi |
| 102 | @aCN@b110000 | |
| 105 | @ay z 000yd | |
| 106 | @ar | |
| 200 | 1 | @a邓小平与20世纪政治人物@9deng xiao ping yu 20 shi ji zheng zhi ren wu@f陈继安,刘金田著 |
| 210 | @a北京@c红旗出版社@d2016.01 | |
| 215 | @a394页@d24cm | |
| 225 | 2 | @a解读中国书系 |
| 330 | @a本书主要内容包括:患难之交,荣辱存青史;视若兄长,并肩半世纪;情投意合,肝胆长相照;情同手足,并辔驰沙场;戎马交情,友谊重如山;回绝拉拢,不搞小圈子;不予苟同,反对“天才论”;奋力抗争,怒斥阴谋家等二十一章。 | |
| 333 | @a一般读者 | |
| 461 | 0 | @12001 @a解读中国书系 |
| 600 | 0 | @a邓小平@f(1904-1997)@x生平事迹 |
| 606 | 0 | @a政治人物@x生平事迹@y世界@z现代 |
| 690 | @aA762@v5 | |
| 690 | @aK817=5@v5 | |
| 701 | 0 | @a陈继安@9chen ji an@4著 |
| 701 | 0 | @a刘金田@9liu jin tian@4著 |
| 801 | 0 | @aCN@b人天书店@c20151026 |
| 905 | @b879580-85@dA762@e222@f6 | |
| 邓小平与20世纪政治人物/陈继安,刘金田著.-北京:红旗出版社,2016.01 |
| 394页;24cm.-(解读中国书系) |
| 使用对象:一般读者 |
| ISBN 978-7-5051-3481-2:CNY40.00 |
| 本书主要内容包括:患难之交,荣辱存青史;视若兄长,并肩半世纪;情投意合,肝胆长相照;情同手足,并辔驰沙场;戎马交情,友谊重如山;回绝拉拢,不搞小圈子;不予苟同,反对“天才论”;奋力抗争,怒斥阴谋家等二十一章。 |
| ● |
| 相关链接 |
|
|
|
|
正题名:邓小平与20世纪政治人物
索取号:A762/222
 
预约/预借
| 序号 | 登录号 | 条形码 | 馆藏地/架位号 | 状态 | 备注 |
| 1 | 879580 | 208795801 | 第一样本阅览室/ [索取号:A762/222] | 在馆 | |
| 2 | 879581 | 208795810 | 教育系资料室/ [索取号:A762/222] | 在馆 | |
| 3 | 879582 | 208795829 | 教育系资料室/ [索取号:A762/222] | 在馆 | |
| 4 | 879583 | 208795838 | 教育系资料室/ [索取号:A762/222] | 在馆 | |
| 5 | 879584 | 208795847 | 第一借阅区/ [索取号:A762/222] | 在馆 | |
| 6 | 879585 | 208795856 | 第一借阅区/ [索取号:A762/222] | 在馆 |